Computational intelligence in Aerospace Science / (Record no. 594009)
[ view plain ]
| 000 -LEADER | |
|---|---|
| fixed length control field | 00367nam a22001217a 4500 |
| 022 ## - INTERNATIONAL STANDARD SERIAL NUMBER | |
| Source | 9781624102608 |
| 082 ## - DEWEY DECIMAL CLASSIFICATION NUMBER | |
| Classification number | 629.1 |
| Author Mark | VAS |
| 100 ## - MAIN ENTRY--PERSONAL NAME | |
| Personal name | Vasile, Massimiliano |
| 9 (RLIN) | 110991 |
| 245 ## - TITLE STATEMENT | |
| Title | Computational intelligence in Aerospace Science / |
| Statement of responsibility, etc. | Massimiliano Vasile & Victor M Becerra |
| 260 ## - PUBLICATION, DISTRIBUTION, ETC. | |
| Place of publication, distribution, etc. | Georgia, |
| Name of publisher, distributor, etc. | AIAA, |
| Date of publication, distribution, etc. | 2014. |
| 300 ## - PHYSICAL DESCRIPTION | |
| Extent | 844p; ; |
| Other physical details | Hardbinding |
| 942 ## - ADDED ENTRY ELEMENTS (KOHA) | |
| Source of classification or shelving scheme | |
| Koha item type | Book |
| Withdrawn status | Lost status | Source of classification or shelving scheme | Damaged status | Not for loan | Permanent Location | Current Location | Shelving location | Date acquired | Full call number | Barcode | Date last seen | Price effective from | Koha item type |
|---|---|---|---|---|---|---|---|---|---|---|---|---|---|
| School of Mechanical & Manufacturing Engineering (SMME) | School of Mechanical & Manufacturing Engineering (SMME) | Aerospace Engineering | 03/21/2023 | 629.1 VAS | SMME-4301 | 03/21/2023 | 03/21/2023 | Book |
